<?xml version="1.0" encoding="UTF-8"?>
<collection xmlns="http://www.loc.gov/MARC21/slim">
 <record>
  <leader>01170pam a22002538a 4500</leader>
  <controlfield tag="001">00022863</controlfield>
  <controlfield tag="005">20171026081025.0</controlfield>
  <controlfield tag="008">110606s1989                  ||||||Viesd</controlfield>
  <datafield tag="041" ind1="0" ind2="#">
   <subfield code="a">Vie</subfield>
  </datafield>
  <datafield tag="082" ind1="1" ind2="#">
   <subfield code="a">808.8</subfield>
   <subfield code="b">C101T</subfield>
  </datafield>
  <datafield tag="100" ind1="0" ind2="#">
   <subfield code="a">Nguyễn Đình Chủ</subfield>
   <subfield code="e">Biên soạn</subfield>
  </datafield>
  <datafield tag="245" ind1="0" ind2="0">
   <subfield code="a">Các tác phẩm văn chương cổ và văn chương nước ngoài dạy ở lóp 8 và 9 CCGD</subfield>
   <subfield code="b">Tài liệu dành cho chương trình bồi dưỡng thay sách CCGD và bồi dưỡng thường xuyên 1989 - 1990</subfield>
   <subfield code="c">Nguyễn Đình Chủ, Nguyễn Hải Hà, Đặng Thanh Lê</subfield>
  </datafield>
  <datafield tag="260" ind1="#" ind2="#">
   <subfield code="a">[Kđ]</subfield>
   <subfield code="b">Vụ đào tạo bồi dưỡng. Sở Giáo dục Khánh Hòa</subfield>
   <subfield code="c">1989</subfield>
  </datafield>
  <datafield tag="300" ind1="#" ind2="#">
   <subfield code="a">145 tr.</subfield>
   <subfield code="c">19 cm.</subfield>
  </datafield>
  <datafield tag="653" ind1="#" ind2="#">
   <subfield code="a">Tác phẩm</subfield>
  </datafield>
  <datafield tag="653" ind1="#" ind2="#">
   <subfield code="a">Văn chương cổ</subfield>
  </datafield>
  <datafield tag="653" ind1="#" ind2="#">
   <subfield code="a">Văn học</subfield>
  </datafield>
  <datafield tag="700" ind1="0" ind2="#">
   <subfield code="a">Nguyễn Hải Hà</subfield>
   <subfield code="e">biên soạn</subfield>
  </datafield>
  <datafield tag="700" ind1="0" ind2="#">
   <subfield code="a">Đặng Thanh Lê</subfield>
   <subfield code="e">biên soạn</subfield>
  </datafield>
  <datafield tag="852" ind1="#" ind2="#">
   <subfield code="b">Kho giáo trình</subfield>
   <subfield code="j">KGT.0023454</subfield>
  </datafield>
  <datafield tag="852" ind1="#" ind2="#">
   <subfield code="b">Kho đọc</subfield>
   <subfield code="j">KD.0009290</subfield>
  </datafield>
  <datafield tag="852" ind1="#" ind2="#">
   <subfield code="j">KD.0009290</subfield>
  </datafield>
  <datafield tag="910" ind1="#" ind2="#">
   <subfield code="a">nhnam</subfield>
   <subfield code="d">06/06/2011</subfield>
  </datafield>
  <datafield tag="980" ind1="#" ind2="#">
   <subfield code="a">Trung tâm Học liệu Lê Vũ Hùng, Trường Đại học Đồng Tháp</subfield>
  </datafield>
 </record>
</collection>
